000 00823nam a2200181Ia 4500
008 100920s9999 xx 000 0 und d
082 _b40009
_a28 व 51 थ 56
100 _aमावळंकर बा.रा.
245 _aनरवीर महादजी शिंदे यांचे सुबोध चरित्र.
260 _bचित्रशाळा प्रकाशन.पुणे2.
_c1956
300 _a48
_bसाधी
365 _b0.5
520 _aबा. वि चरित्र.
630 _aनरवीर महादजी शिंदे यांचे सुबोध चरित्र.
650 _aबा. वि चरित्र.
730 _aनरवीर महादजी शिंदे यांचे सुबोध चरित्र.
942 _cBOOK
999 _c691249
_d691246